00669nam a2200229 a 4500001001300000003000900013005001700022008004100039020001000080082001300090100001900103245003000122260004100152300000900193500003500202650002500237700001900262902000800281942000700289952012600296999001700422nice12345678IN_TiNIC20260116014321.0070824s2006 dela grp 000 0 eng  ac19500a954bMEN aMenon, Dilip M aCultural History of India aDelhi bSocial Sciences Press c2006 a175p aincludes index and biblioraphy aIndia-Historiography1 aMenon, Dilip M bSRS cBK 001040708StackRoom-aHMIbHMId2010-07-07g195.00l1o954 MENp021804r2017-09-28s2017-08-31v195.00w2007-08-24yBK c14786d14786